PPT: Lesson 24 - Voc Simple Level Quiz Stats

 Plays Quiz not verified by Sporcle

Support Sporcle.
Go Orange.
Score 0/47 Timer 08:00
0 Plays Today
% Correct
бронировать билеты
83.3%
вводить, входить
83.3%
досуг
66.7%
век
50%
ежегодный
50%
атомный
50%
сложный
50%
следствие
50%
потреблять
50%
копия
50%
исправлять
50%
преступление
50%
десятилетие
50%
решение
50%
предназначенный
50%
трудный
50%
документ
50%
во время
50%
электронная почта
50%
враг
50%
развлечения
50%
оборудование
50%
вечный
50%
добро
50%
% Correct
значительно
50%
невозможный
50%
влияние
50%
господин
50%
возникать
50%
переферия
50%
фотоальбом
50%
наверное
50%
прогресс
50%
реалистичный
50%
родственник
50%
отчет
50%
облегчать
50%
раб
50%
социальный
50%
задача
50%
оторваться
50%
билет
50%
печатать
50%
печатная машинка
50%
виртуальный
50%
доступный
33.3%
решенный
33.3%

You're not logged in!

Compare scores with friends on all Sporcle quizzes.
OR
Log In

From the Vault

Rhymes with 'Ash'

by aaronthebest

Did Ash ever realize that Ketchum sounds like Catch 'Em? He was destined to Catch 'Em All.
Remove Ads.
Support Sporcle.
Get the best of Sporcle when you Go Orange. This ad-free experience offers more features, more stats, and more fun while also helping to support Sporcle. Thank you for becoming a member.

Show Comments

Extras

Created Feb 14, 2020ReportNominate
Tags:Clickable Quiz, lesson, Level, simple

Top Quizzes Today


Score Distribution

Your Account Isn't Verified!

In order to create a playlist on Sporcle, you need to verify the email address you used during registration. Go to your Sporcle Settings to finish the process.

Report this User

Report this user for behavior that violates our Community Guidelines.

Details: